Metaphysik: eine Methodisch Systematische Grundlegung

Uloženo v:
Podrobná bibliografie
Hlavní autor: Coreth, Emerich (Autor)
Médium: Kniha
Jazyk:němčina
Vydáno: Múnich Tyrolia 1961
Témata:
Tagy: Přidat tag
Žádné tagy, Buďte první, kdo vytvoří štítek k tomuto záznamu!

MARC

LEADER 00000nam a2200000 a 4500
001 UCZ2731
003 CL-VaPUC
008 951006e19610000GW |||||||||||||||||ger|d
082 0 4 |a 110  |b COR  |2 21 
100 0 |a Coreth, Emerich  |e author  |9 346497 
245 1 0 |a Metaphysik: eine Methodisch Systematische Grundlegung 
300 |a 672 p 
942 |c BK 
945 |d 19951006 00:00:00  |a cmena 
260 |a Múnich  |b Tyrolia  |c 1961 
650 0 |a Metafísica  |9 265649 
650 0 |a Filosofía del espíritu  |9 320175 
650 7 |a SER  |2 CL-VaPUC  |9 320176 
650 0 |a Ontología   |9 256850 
650 0 |a Escuelas filosóficas   |9 266232 
583 |a last modification  |c 19951006 00:00:00  |k Rodrigo Vera 
999 |c 239286  |d 239284 
952 |0 0  |1 0  |4 0  |6 110_000000000000000_COR_1961  |7 0  |8 P  |9 250323  |a BIBEDU  |b BIBEDU  |c BIBEDU_PB  |d 2019-11-18  |i 1581112  |l 1  |o 110 COR 1961  |p 1581112  |q 2025-06-02  |r 2025-05-02  |s 2025-05-02  |w 2019-11-18  |y BK  |k FIL